| 000 | 00921nam a22002657a 4500 | ||
|---|---|---|---|
| 999 |
_c5631 _d5631 |
||
| 003 | AR-CdUCM | ||
| 008 | 190313b ||||| |||| 00| 0 eng d | ||
| 040 |
_aMUNICIPALIDAD PROVINCIAL DEL CUSCO _cBIBLIOTECA MUNICIPAL DEL CUSCO |
||
| 082 |
_a985.009 / _bC61 |
||
| 245 |
_aPedro Cieza de León; Sarmiento de Gamboa / _bWaldemar Espinoza; Carlos Araníbar |
||
| 260 |
_aLima : _bUniversitaria, _c1964. |
||
| 300 |
_a159 páginas ; _c19 cm. |
||
| 440 |
_aBiblioteca hombres del Perú _n : XII _916827 |
||
| 440 |
_aSegunda serie _916781 |
||
| 500 | _aDonación de la familia Nieto. | ||
| 650 |
_aBiografías _9148 |
||
| 650 |
_aPedro Cieza de León _916828 |
||
| 650 |
_aSarmiento de Gamboa _916829 |
||
| 650 |
_aHombres del Perú - Biografías _92160 |
||
| 650 |
_aCronistas - Biografías _93530 |
||
| 700 |
_aEspinoza, Waldemar _916830 |
||
| 700 |
_aAraníbar, Carlos _98677 |
||
| 942 |
_2ddc _cLIBROS |
||
| 945 | _alccs | ||